Countries: Spot the Mistakes - Statistics

General Stats
  • This quiz has been taken 79 times
  • The average score is 9 of 21
Answer Stats
Hint Answer % Correct
Bern is the capital Zurich
77%
The Hague is the seat of the Dutch government, not the capital The Hague
73%
English is the official language of Belize French
63%
Papua New Guinea is in Oceania Asia
60%
Paraguay does not border Uruguay Uruguay
60%
Bulgaria doesn't border Moldova Bulgaria
56%
Frankfurt is the 5th largest city of Germany Frankfurt
53%
This is a made-up city Guyana City
53%
Oman is in Asia Africa
52%
It's Lusaka Lusoka
47%
French is the official language Senegalese
47%
The national animal of India is the Royal Bengal Tiger Cow
45%
Ryan Reynolds is Canadian Ryan Reynolds
42%
Germany does not border Liechtenstein Liechtenstein
40%
Ho Chi Minh City is the largest city Hanoi
35%
Senegal doesn't have an official national animal Elephant
31%
Kevin de Bruyne is Belgian Kevin de Bruyne
31%
Digul flows through Indonesia Digul
26%
River Murray flows through Australia River Murray
26%
Seydou Keita is from Mali Seydou Keita
15%
Adrian Mutu is from Romania Adrian Mutu
13%
No matching quizzes found
Score Distribution
Percent of People with Each Score
Percentile by Number Answered
Your Score History
You have not taken this quiz